000
00325nam a2200133Ia 4500
005
20260328104314.0
008
260328s9999||||xx |||||||||||||| ||und||
100
_a
Gómez, Valentin
245
0
_a
Mi Casita /
_c
Valentin Gómez
260
_b
Construcciones sudamericanas
300
_a
245 p.
650
_a
CASAS
942
_c
BK
999
_c
11080
_d
11080